000 00349nam a2200145Ia 4500
008 240729s9999 xx 000 0 und d
022 _a2306-5338
245 0 _aHydrology
260 _aSwitzerland
260 _bMDPI AG
650 _aScience
856 _uhttps://doaj.org/toc/c7ef0e9cc18241a8b09b36563d4289ef
942 _2ddc
942 _cDOAJEJ
999 _c74277
_d74277
945 _a1
_bMadushi Gamage
_c1
_dMadushi Gamage